00000000nam 2200000zi 4500
0019.952385
003CaOODSP
00520250821140637
006m     o  d f      
007cr cn|||||||||
008250613e202507##nscabd  ob   f000 0 eng d
020 |a9780660778471
040 |aCaOODSP|beng|erda|cCaOODSP
043 |an-cn-nk
0861 |aFs70-6/2025-035E-PDF
24500|aAbundance estimates and genetic analysis of the large-bodied population of Lake Utopia Rainbow Smelt (Osmerus mordax) in Mill Lake Stream, 2023.
24617|aAbundance estimate and genetic analysis of LbP LURS in Mill Lake Stream
264 1|aDartmouth, Nova Scotia : |bCanadian Science Advisory Secretariat : |bBedford Institute of Oceanography : |bFisheries and Oceans Canada, Maritimes Region, Center for Science Advice (CSA), |cJuly 2025.
264 4|c©2025
300 |a1 online resource (22 pages) : |billustrations, maps, graphs.
336 |atext|btxt|2rdacontent
337 |acomputer|bc|2rdamedia
338 |aonline resource|bcr|2rdacarrier
4901 |aScience advisory report, |x1919-5087 ; |v2025/035
500 |aCaption title.
500 |aIssued also in French under title: Estimation de l'abondance et analyse génétique de l'éperlan arc-en-ciel (Osmerus mordax) dans la décharge du Lac Mill, population d'individus de grande taille du Lac Utopia, 2023.
504 |aIncludes bibliographical references (pages 14-16).
520 |a"Lake Utopia is part of the Magaguadavic River watershed in southwestern New Brunswick. The native Rainbow Smelt (Osmerus mordax) inhabiting Lake Utopia consists of two sympatric morphologically, ecologically, and genetically differentiated populations: a small-bodied population (SbP) and a large-bodied population (LbP)"--Context, page [1].
650 0|aRainbow smelt|xPopulation viability analysis|zNew Brunswick.
650 0|aRainbow smelt|zNew Brunswick|xGenetics.
7102 |aCanadian Science Advisory Secretariat, |eissuing body.
7101 |aCanada. |bDepartment of Fisheries and Oceans. |bMaritimes Region, |eissuing body.
7102 |aBedford Institute of Oceanography, |eissuing body.
77508|tEstimation de l'abondance et analyse génétique de l'éperlan arc-en-ciel (Osmerus mordax) dans la décharge du Lac Mill, Population d'individus de grande taille du Lac Utopia, 2023.|w(CaOODSP)9.952386
830#0|aScience advisory report (Canadian Science Advisory Secretariat)|x1919-5087 ; |v2025/035.|w(CaOODSP)9.506226
85640|qPDF|s1.06 MB|uhttps://publications.gc.ca/collections/collection_2025/mpo-dfo/fs70-6/Fs70-6-2025-035-eng.pdf